| 000 | 00629nam a2200193 a 4500 | ||
|---|---|---|---|
| 001 | 62062 | ||
| 005 | 20180714063935.0 | ||
| 008 | 150209s1988 ag 000 0 spa d | ||
| 082 | 0 |
_a306.6 _bPAD |
|
| 100 | 1 |
_aPadilla, Washington _eautor |
|
| 245 | 0 |
_aHacia una transformación integral / _cWashington Padilla. |
|
| 264 | 1 |
_aArgentina : _bFraternidad Teológica Latinoamericana, _c1988 |
|
| 300 |
_a98 páginas : ; _c21 cm. |
||
| 336 |
_atexto _2rdacontent |
||
| 337 |
_asin mediación _2rdamedia |
||
| 338 |
_avolumen _2rdacarrier |
||
| 650 | 0 |
_aSociología _xAmérica Latina |
|
| 650 | 0 | _aSociología cristiana | |
| 999 |
_c62062 _d62062 |
||